000 00275nam a22001217a 4500
999 _c14008
_d14008
020 _a969000672
082 _a515
100 _aDr. M. N. M. Talpur
245 _aCalculus and Analytic Geometry
260 _aLahore
_bFeroz Sons pvt.
_c1982
300 _a490 pages
942 _cBK